| 000 | cam a22 7a 4500 | ||
|---|---|---|---|
| 999 |
_c7232 _d7232 |
||
| 003 | OSt | ||
| 005 | 20190703135502.0 | ||
| 008 | 190703e201903 spc|||| |||| 0|0 0 spa|d | ||
| 017 |
_aDL B 2206-2019 _bBiblioteca de Catalunya |
||
| 020 | _a9788499929439 | ||
| 040 |
_aES-BaUAO _bcat _cCDMR _dES-BaBC |
||
| 100 | 1 |
_aMontero, Rosa _d1951- _9323 |
|
| 245 | 1 | 3 |
_aEl Arte de la entrevista _b: 40 aƱos de preguntas y respuestas / _cRosa Montero |
| 260 |
_aBarcelona : _bDebate, _c2019 |
||
| 300 |
_a382 p. : _bil ; _c23 cm |
||
| 650 | 7 |
_aEntrevista _2lemac |
|
| 650 | 0 | 4 |
_aFamosos _xEntrevistes |
| 942 | _cMON | ||